| 000 | 00985ngm a2200193 a 4500 | ||
|---|---|---|---|
| 005 | 20260310064153.0 | ||
| 008 | 050418s2003 mx 120 aaspa d | ||
| 035 | _aUPN01000138116 | ||
| 049 | _aAV | ||
| 050 | 4 | _aDVD NC 8 | |
| 245 | 0 | 0 |
_aWorld Trade Center : _ben memoria. |
| 260 |
_a[EUA]: _bThe History Channel : _bA&E Home Video, _cc2003. |
||
| 300 |
_a1 DVD (120 min.) : _bson. col. ; _c4 3/4 plg. |
||
| 500 | _a"El material incluye capitulos con versiones [en] inglés y en español" | ||
| 520 | _aMuestra la historia de la construcción de las torres gemelas en Nueva York, revelando las controversias, decisiones e innovaciones entorno al proyecto que orgullosa y ambiciosamente soñaron y diseñaron los que construyeron el complejo. Examina los edificios desde dos puntos de vista arquitectónico y simbólico | ||
| 610 | 2 | 4 |
_aWORLD TRADE CENTER (NUEVA YORK) - _xDISEÑO Y CONSTRUCCION _9260 |
| 650 | 4 |
_aArquitectura _zEstados Unidos _xHistoria _9254 |
|
| 905 | _aAudiovisuales | ||
| 999 |
_c110264 _d110264 |
||